000 00646nam a2200229 a 4500
001 nice12345678
003 IN_TiNIC
005 20260116014730.0
008 050524s1999 mica grp 000 0 eng
020 _a0802813
_c474.5
082 0 0 _a236
_bBAU
100 _aBauckham, Richard
245 _aHope Against Hope
_b Chsristian Eschatology at the Turn of the Millennium
260 _aMichigan
_bWilliam B.Eerdmans Pub
_c1999
300 _a233p
500 _aincludes index and biblioraphy
505 2 _aNotes, Index of Personal Names, Subject Index
650 _aEschatology
902 _bSRS
942 _cBK
999 _c16700
_d16700